000 00585nam a2200229Ia 4500
003 OSt
005 20220912144545.0
006 a|||||r|||| 00| 0
007 ta
008 220909b |||||||| |||| 00| 0 eng d
020 _a Sage
020 _axxiii, 462p.
020 _a2015
020 _aNew Delhi
024 _aBest practices in logistic regression
040 _aCSL
_beng
_cCSL
250 _aB28, Q5 TB
260 _aCSL
_beng
_cTextual
300 _aTEXL
650 _aAuthor index 451-454p.; Subject index 455-462p.
999 _c11970
_d11970